000
00264nam a22001217a 4500
008
181106b xxu||||| |||| 00| 0 eng d
041
_a
eng
080
_a
611
100
_a
6
101
_a
Ana
245
_a
Abrief Atalas Human Body
_c
Mallat.j
942
_2
udc
_c
BK
999
_c
52033
_d
52033